The UK property investors directory (Record no. 107790)

MARC details
000 -LEADER
fixed length control field 01062cam a22002415a 4500
001 - CONTROL NUMBER
control field L141905
008 - FIXED-LENGTH DATA ELEMENTS--GENERAL INFORMATION
fixed length control field 080111s2008 xxk f 000 0 eng d
035 ## - SYSTEM CONTROL NUMBER
System control number (Sirsi) u141905
041 0# - LANGUAGE CODE
Language code of text/sound track or separate title eng
050 04 - LIBRARY OF CONGRESS CALL NUMBER
Classification number 333.33025
110 2# - MAIN ENTRY--CORPORATE NAME
Corporate name or jurisdiction name as entry element Property Data Limited
9 (RLIN) 3654
245 04 - TITLE STATEMENT
Title The UK property investors directory
Remainder of title 2008 edition
260 ## - PUBLICATION, DISTRIBUTION, ETC.
Place of publication, distribution, etc. Eccleshall
Name of publisher, distributor, etc. Property Data
Date of publication, distribution, etc. 2008
300 ## - PHYSICAL DESCRIPTION
Extent 1
Type of unit v.+
Accompanying material 1 CD-ROM
350 ## - PRICE (NR) (BK AM CF MU VM SE) [OBSOLETE]
Price 350
520 ## - SUMMARY, ETC.
Summary, etc. Presents detailed profiles on the UK's active investors, funds and their deals. Includes an A to Z listing of property investor profiles, a listing of investment agents, a buyers index, an A to Z listing of buyers and sellers since January 2005 and indexes of buyers and deals. Also includes a geographical A to Z of investment transactions and a ranking of the top 100 property companies by net worth value.
521 2# - TARGET AUDIENCE NOTE
Target audience note Advanced
590 ## - LOCAL NOTE (RLIN)
Local note KA
651 #4 - SUBJECT ADDED ENTRY--GEOGRAPHIC NAME
Geographic name England and Wales
Chronological subdivision 1543-
690 ## - LOCAL SUBJECT ADDED ENTRY--TOPICAL TERM (OCLC, RLIN)
Topical term or geographic name as entry element PROPERTY-PROPERTY FINANCE AND INVESTMENT
690 ## - LOCAL SUBJECT ADDED ENTRY--TOPICAL TERM (OCLC, RLIN)
Topical term or geographic name as entry element PROPERTY-PROPERTY APPRAISAL AND VALUATION
942 ## - ADDED ENTRY ELEMENTS (KOHA)
Suppress in OPAC 0
Holdings
Withdrawn status Lost status Source of classification or shelving scheme Damaged status Not for loan Home library Current library Shelving location Date acquired Cost, normal purchase price Total Checkouts Full call number Barcode Date last seen Copy number Cost, replacement price Price effective from Koha item type
    Dewey Decimal Classification     London London Folio 29/02/2008 395.00   333.33025 PRO 30072679 06/08/2019 1 395.00 06/08/2019 Reference material